00863njm a2200253Ia 450000100060000000300090000600500170001500800410003204000130007304000130008610000250009910000180012410000380014224500320018025000110021226000110022326000570023430000100029130000300030150000240033150501320035565000530048770000690054066972IT-RoPAU20220918181138.0131025s9999 xx 000 0 und d aIT-RoPAU cIT-RoPAU aVangelis Papathanass eAutore musica gCodice autore musica SPICS: 11474 aChina (Lp Polydor 2310 658) a1a ed. aITALIA bPOLYDORc1979 [1a Ed.:1979 - Ed. Lingua Orig.: 1979] aDISCO c34 minuti (Testo: 0 pag.) aMusica strumentale. aChung Kuo - The Long March - The Dragon - The Plum Blossom - The Tao of Love - The Little Fete - Yin & Yang - Himalaya - Summit aSTRUMENTALE [DISCHI]eCodice MATERIA SPICS: 9950 aVangelis PapathanassgCodice interprete SPICS: 11474eInterprete